[Event "2nd Split Open 2012"]
[Site "Split CRO"]
[Date "2012.08.16"]
[Round "6.1"]
[White "Saric,A"]
[Black "Srbis,J"]
[Result "1-0"]
[WhiteElo "2506"]
[BlackElo "2298"]

1.d4 Nf6 2.Nf3 e6 3.c4 c5 4.d5 exd5 5.cxd5 d6 6.Nc3 g6 7.Bf4 Bg7 8.Qa4+ Bd7
9.Qb3 Bc8 10.Qb5+ Ke7 11.Nd2 Nh5 12.Bg5+ f6 13.Be3 a6 14.Qb3 b5 15.a4 b4
16.Nce4 f5 17.Bg5+ Nf6 18.Nxf6 Bxf6 19.Bxf6+ Kxf6 20.Qg3 a5 21.Nc4 Ba6 22.Nxd6 Nd7
23.h4 Qf8 24.e4 Bxf1 25.Kxf1 fxe4 26.Nxe4+ Kg7 27.Ng5 Qf5 28.Ne6+ Kf7 29.Qd6 Ne5
30.Qc7+  1-0

[Event "Husek Vienna Open A"]
[Site "Vienna AUT"]
[Date "2012.08.16"]
[Round "4"]
[White "Ragger,M"]
[Black "Chytilek,R"]
[Result "1-0"]
[WhiteElo "2670"]
[BlackElo "2396"]

1.d4 Nf6 2.c4 e6 3.Nf3 c5 4.d5 exd5 5.cxd5 d6 6.Nc3 g6 7.Bf4 a6 8.a4 Bg7
9.h3 O-O 10.e3 Qe7 11.Be2 Nbd7 12.O-O Ne8 13.Re1 Ne5 14.Bxe5 Bxe5 15.Nxe5 Qxe5
16.a5 f5 17.Na4 Rb8 18.Qb3 f4 19.e4 Nf6 20.Nb6 Nd7 21.Nc4 Qe7 22.Qc3 Re8
23.b4 cxb4 24.Qxb4 Qg5 25.Qxd6 Nf6 26.h4 Qxh4 27.Qxb8 Nxe4 28.g3 fxg3 29.fxg3 Nxg3
30.Bf3 Qd4+ 31.Ne3 Bd7 32.Qxg3 Rxe3 33.Qf2  1-0

[Event "14th Sants Open A"]
[Site "Barcelona ESP"]
[Date "2012.08.17"]
[Round "1.13"]
[White "Ivana Maria,F"]
[Black "Alonso Rosell,A"]
[Result "0-1"]
[WhiteElo "2102"]
[BlackElo "2502"]

1.d4 Nf6 2.c4 e6 3.Nf3 c5 4.d5 exd5 5.cxd5 d6 6.Nc3 a6 7.a4 g6 8.h3 Qe7 9.e3 Bg7
10.Bd3 O-O 11.O-O Nh5 12.e4 Nd7 13.Bg5 Bf6 14.Be3 Re8 15.g4 Ng7 16.Kg2 Rb8
17.g5 Be5 18.Nxe5 Nxe5 19.Be2 b5 20.axb5 axb5 21.f4 b4 22.fxe5 bxc3 23.e6 Nxe6
24.dxe6 Qxe6 25.bxc3 Qxh3+ 26.Kf2 Qh4+ 27.Kg1 Qg3+ 28.Kh1 Qh3+  0-1

[Event "2nd Metropolitan International"]
[Site "Los Angeles USA"]
[Date "2012.08.17"]
[Round "7"]
[White "Moradiabadi,E"]
[Black "Sevillano,E"]
[Result "0-1"]
[WhiteElo "2570"]
[BlackElo "2526"]

1.d4 Nf6 2.Nf3 c5 3.d5 e6 4.c4 exd5 5.cxd5 d6 6.Nc3 g6 7.Bf4 Bg7 8.Qa4+ Bd7
9.Qb3 Qc7 10.e4 O-O 11.Be2 b5 12.Bxb5 Nxe4 13.Nxe4 Qa5+ 14.Nc3 Bxb5 15.O-O-O Bd7
16.Bxd6 Na6 17.Bxf8 Rxf8 18.Rhe1 Rb8 19.Qc4 Rb4 20.Qd3 c4 21.Qe3 Rxb2 22.Rd2 Bxc3
23.Rxb2 Qa3  0-1

[Event "LBV Open A 2012"]
[Site "Roosendaal NED"]
[Date "2012.08.17"]
[Round "3.22"]
[White "Surewaard,W"]
[Black "Admiraal,M"]
[Result "1/2-1/2"]
[WhiteElo "2153"]
[BlackElo "2293"]

1.d4 Nf6 2.Nf3 e6 3.c4 c5 4.d5 exd5 5.cxd5 d6 6.Nc3 g6 7.h3 Bg7 8.e4 O-O
9.Bd3 b5 10.Nxb5 Nxe4 11.Bxe4 Re8 12.Ng5 a6 13.Nc3 h6 14.Ne6 fxe6 15.O-O Qf6
16.dxe6 Ra7 17.Qxd6 Bxe6 18.Qxc5 Rf7 19.Be3 Nd7 20.Qd6 Ne5 21.Bd5 Rd7 22.Bxe6+ Rxe6
23.Qb8+ Rd8 24.Qb3 Kh7 25.Ne4 Qf5 26.Ng3 Qf6 27.Rad1 Rde8 28.Qd5 Nc6 29.b3 Nb4
30.Qd2 Nc6 31.Qc2 Qh4 32.Qc4 Qe7 33.Rfe1 Ne5 34.Qd5 Nf7 35.Rc1 Rd8 36.Qc5 Qe8
37.Red1 Rb8 38.Qa7 Re7 39.Rc7 Rxc7 40.Qxc7 Be5 41.Qa7 Ra8 42.Qb6  1/2-1/2

[Event "ZMDI Open A 2012"]
[Site "Dresden GER"]
[Date "2012.08.18"]
[Round "1"]
[White "Gebigke,M"]
[Black "Olszewski,Mi"]
[Result "0-1"]
[WhiteElo "2160"]
[BlackElo "2521"]

1.d4 Nf6 2.c4 e6 3.Nf3 c5 4.d5 exd5 5.cxd5 d6 6.Nc3 g6 7.e4 Bg7 8.Bd3 Bg4
9.Qb3 Bxf3 10.gxf3 O-O 11.Bf4 Nh5 12.Be3 Nd7 13.O-O-O a6 14.f4 Bh6 15.f5 Bxe3+
16.fxe3 b5 17.Be2 Nhf6 18.Qc2 Qe7 19.fxg6 fxg6 20.Bf3 Ne5 21.Be2 Nfd7 22.Rdf1 Rxf1+
23.Rxf1 c4 24.Kb1 Nc5 25.Bd1 b4 26.Ne2 b3 27.axb3 cxb3 28.Qc3 Nxe4 29.Qd4 Nc4
30.Rf4 Ncd2+ 31.Kc1 Rc8+ 32.Nc3 h5 33.Be2 g5 34.Rf5 Qh7 35.Rxg5+ Nxg5 36.Qxd2 Ne4
37.Bd3 Nxd2 38.Bxh7+ Kxh7 39.Kxd2 Kg6 40.Kd3 Kf6 41.Kd4 h4 42.h3 Rg8 43.Ne4+ Ke7
44.Nd2 Rg3 45.Nxb3 Rxh3 46.Ke4 Rh2 47.Nd4 Rxb2  0-1

[Event "2nd Metropolitan International"]
[Site "Los Angeles USA"]
[Date "2012.08.18"]
[Round "8"]
[White "Kavutskiy,K"]
[Black "Shytaj,L"]
[Result "1/2-1/2"]
[WhiteElo "2281"]
[BlackElo "2486"]

1.d4 Nf6 2.c4 e6 3.Nf3 c5 4.d5 exd5 5.cxd5 d6 6.Nc3 g6 7.Nd2 Bg7 8.e4 O-O
9.Be2 Ne8 10.O-O f5 11.exf5 Bxf5 12.Nde4 Na6 13.Ng5 Nac7 14.Bc4 b5 15.Nxb5 Nxb5
16.Bxb5 Nc7 17.Bc6 Rb8 18.Qe2 Be5 19.h3 Qf6 20.Re1 Rb4 21.a3 Rb3 22.f4 Bd4+
23.Kh2 h6 24.Nf3 Bxb2 25.Bxb2 Rxb2 26.Qe7 Qxe7 27.Rxe7 Rf7 28.Rae1 Kf8 29.R7e3 Kg7
30.Rd1 Bc8 31.Nd2 Ba6 32.Kg3 c4 33.Ne4 Re7 34.Kf3 Rb3 35.Rxb3 cxb3 36.Rd2 Ne8
37.g4 Nf6 38.Nc3 Re1 39.g5 Nh5 40.Nb5 Rb1 41.Nc3 Rf1+ 42.Ke3 Rxf4 43.gxh6+ Kxh6
44.Ne4 Rh4 45.Nxd6 Rxh3+ 46.Kd4 Nf6 47.Ne4 Rd3+ 48.Rxd3 Bxd3 49.Nd2 Bc2 50.Kc3 Ne4+
51.Nxe4 Bxe4 52.Kxb3 g5 53.Bb7 Kg7  1/2-1/2

[Event "2nd Split Open 2012"]
[Site "Split CRO"]
[Date "2012.08.18"]
[Round "8.33"]
[White "Dragomirescu,C"]
[Black "Grove,Michael"]
[Result "1-0"]
[WhiteElo "2196"]
[BlackElo "2000"]

1.d4 Nf6 2.c4 c5 3.d5 e6 4.Nc3 exd5 5.cxd5 d6 6.Nf3 g6 7.g3 Bg7 8.Bg2 O-O
9.O-O Na6 10.Bf4 Nc7 11.a4 Re8 12.h3 Ne4 13.Nxe4 Rxe4 14.Nd2 Rb4 15.b3 g5
16.Be3 Bf5 17.Ra2 b5 18.g4 Bg6 19.Nf3 h6 20.Bd2 Re4 21.Ba5 b4 22.Nd2 Rd4
23.e3 Rd3 24.Qe2 Rc3 25.e4 Qe7 26.Bxc7 Qxc7 27.a5 a6 28.Rb1 Qe7 29.Nc4 Ra7
30.Rd2 Bd4 31.Rd3 Rxd3 32.Qxd3 Qf6 33.Qf3 Qe7 34.Re1 f6 35.Bf1 Bc3 36.Re2 Kg7
37.Bg2 Be8 38.Ne3 Qe5 39.Nf5+ Kh7 40.h4 Bb5 41.Rc2 c4 42.bxc4 Bxc4 43.Qh3 Qf4
44.Rxc3 bxc3 45.Qxc3 Bb5 46.Qxf6 gxh4 47.Qxd6 Qg5 48.f4 Qxg4 49.Qxh6+ Kg8
50.Qg5+ Qxg5 51.fxg5 Bd3 52.d6 Kf7 53.Nxh4 Ke6 54.Nf5 Ke5 55.g6 Bxe4 56.Bxe4 Kxe4
57.g7 Ra8 58.Ne7 Ke5 59.d7 Kd6 60.Nc8+ Kxd7 61.Nb6+ Ke7 62.Nxa8 Kf7 63.Nc7  1-0

[Event "Husek Vienna Open A"]
[Site "Vienna AUT"]
[Date "2012.08.18"]
[Round "6"]
[White "Helmers,W"]
[Black "Fuchs,G"]
[Result "1-0"]
[WhiteElo "2119"]
[BlackElo "2300"]

1.d4 Nf6 2.c4 e6 3.Nc3 c5 4.d5 exd5 5.cxd5 d6 6.Nf3 g6 7.Bf4 Bg7 8.e3 a6
9.a4 O-O 10.Be2 Nh5 11.Bg5 Bf6 12.Bxf6 Nxf6 13.O-O Re8 14.Re1 Nbd7 15.a5 Ne4
16.Nxe4 Rxe4 17.Nd2 Rb4 18.Nc4 Qf6 19.Ra4 Rxa4 20.Qxa4 Kf8 21.Rc1 Ne5 22.Nb6 Rb8
23.b4 Qe7 24.bxc5 dxc5 25.Qa3 Nd7 26.Qc3 f6 27.Nc4 b5 28.axb6 Nxb6 29.d6 Qd8
30.Nxb6 Rxb6 31.Qxc5 Be6 32.Rd1 Kf7 33.h3 h5 34.Bc4 Bxc4 35.Qxc4+ Kg7 36.d7 Rb8
37.Qxa6 h4 38.Qd6 Rb7 39.e4 Kh7 40.Qe6 Ra7 41.e5 fxe5 42.Rd6 Qg5 43.d8=Q Ra1+
44.Rd1  1-0

[Event "14th Sants Open A"]
[Site "Barcelona ESP"]
[Date "2012.08.19"]
[Round "3.2"]
[White "Gajewski,G"]
[Black "Antoli Royo,J"]
[Result "1-0"]
[WhiteElo "2628"]
[BlackElo "2398"]

1.d4 Nf6 2.c4 c5 3.d5 e6 4.Nc3 exd5 5.cxd5 d6 6.Nf3 g6 7.Bf4 Bg7 8.Qa4+ Bd7
9.Qb3 Qc7 10.e4 O-O 11.Nd2 Nh5 12.Be3 f5 13.exf5 gxf5 14.Be2 f4 15.Bxc5 Qxc5
16.Bxh5 Qd4 17.O-O Bf5 18.Nc4 Qf6 19.Nb5 Qh4 20.Bf3 Rf6 21.Rfe1 Rh6 22.Ncxd6 Qxh2+
23.Kf1 Bg6 24.Nf5 Bxf5 25.d6+ Kf8 26.Re8+  1-0

[Event "e2e4 Gatwick Masters A 2012"]
[Site "Crawley ENG"]
[Date "2012.08.20"]
[Round "4.4"]
[White "Bennett,Dominic L"]
[Black "Roberson,P"]
[Result "0-1"]
[WhiteElo "2037"]
[BlackElo "2295"]

1.Nf3 Nf6 2.d4 c5 3.d5 e6 4.c4 d6 5.Nc3 exd5 6.cxd5 g6 7.e4 Bg7 8.h3 a6 9.a4 Nbd7
10.Bd3 Nh5 11.g4 Nhf6 12.Bf4 Qe7 13.Qe2 O-O 14.Kd1 Ne5 15.Nxe5 dxe5 16.Be3 Ne8
17.a5 Bd7 18.Na4 Bxa4+ 19.Rxa4 Qc7 20.Kc2 Nd6 21.b3 Qd7 22.Rha1 f5 23.f3 fxe4
24.fxe4 Nb5 25.Rc4 Nd4+ 26.Bxd4 cxd4 27.b4 Rf6 28.Rf1 Raf8 29.Rxf6 Bxf6 30.Kb3 Qd6
31.Qc2 Be7 32.Be2 Kg7 33.Qd3 Rf2 34.Rc5 b6 35.axb6 Qxb6 36.Rc4 a5 37.Qg3 Rxe2
38.Qxe5+ Qf6 39.Qc7 d3 40.d6 Qxd6 41.Qxd6 Bxd6 42.bxa5 d2 43.Kc2 Bf4 44.Rd4 Re1
45.a6 Rc1+  0-1

[Event "2nd Isthmia Open A"]
[Site "Korinthia GRE"]
[Date "2012.08.23"]
[Round "7.19"]
[White "Urosevic,G"]
[Black "Kelires,Andreas"]
[Result "1-0"]
[WhiteElo "2239"]
[BlackElo "2011"]

1.d4 Nf6 2.c4 e6 3.Nf3 c5 4.d5 d6 5.Nc3 exd5 6.cxd5 g6 7.Bf4 a6 8.a4 Bg7
9.h3 Qe7 10.Nd2 O-O 11.e3 Nbd7 12.Be2 Ne5 13.O-O Ne8 14.Qc2 f5 15.Bh2 Nc7
16.Rfe1 g5 17.f4 Ng6 18.fxg5 Be5 19.Nc4 Bxh2+ 20.Kxh2 Rb8 21.a5 Bd7 22.Bd3 Qxg5
23.Kh1 Rf6 24.Rf1 Rbf8 25.Rae1 Bb5 26.e4 Bxc4 27.Bxc4 Ne5 28.exf5 Rxf5 29.Rxf5 Qxf5
30.Qb3 Qd7 31.Rxe5 dxe5 32.d6+ Kh8 33.dxc7 Qxc7 34.Nd5 Qxa5 35.Qxb7 Qe1+
36.Kh2 Qh4 37.b3 e4 38.Qc7 Qg5 39.Qd6 Rg8 40.Ne3 Re8 41.Bxa6 Rd8 42.Qg3 Qf6
43.Bc4 Rf8 44.Nd5 Qd4 45.Ne3 Qf6 46.Ng4 Qg7 47.Qe5 Qxe5+ 48.Nxe5 Kg7 49.Ng4 Re8
50.Ne3 Kf6 51.Kg3 Ke5 52.Kf2 Ra8 53.Nd5 Kd4 54.Nf4 Ra2+ 55.Ne2+ Ke5 56.Ke3 Rc2
57.g3 h6 58.h4 Ra2 59.Nc3 Rg2 60.Nxe4 Rg1 61.Kf2 Rc1 62.Nxc5 Rc2+ 63.Kf3 Rc3+
64.Nd3+ Kf6 65.Kg4 Rc2 66.Nf4 Rd2 67.Kh5 Kg7 68.b4 Rc2 69.Bd3 Rb2 70.b5  1-0

[Event "2nd Isthmia Open A"]
[Site "Korinthia GRE"]
[Date "2012.08.25"]
[Round "9.21"]
[White "Nishant,M"]
[Black "Soumya,Sw"]
[Result "1-0"]
[WhiteElo "2076"]
[BlackElo "2271"]

1.d4 Nf6 2.c4 c5 3.d5 e6 4.Nc3 exd5 5.cxd5 d6 6.Nf3 g6 7.Qa4+ Qd7 8.Nb5 Na6
9.e4 Kd8 10.Bg5 Bg7 11.e5 dxe5 12.Qh4 Qe7 13.Bc4 Ke8 14.d6 Qd8 15.Nxe5 Be6
16.Bxe6 fxe6 17.O-O h6 18.Qh3 Kf8 19.Nxg6+ Kf7 20.Nxh8+ Qxh8 21.Bxf6 Bxf6
22.Rfe1 Qe8 23.Nc3 Rd8 24.Ne4 Bg7 25.Re3 Kg8 26.Rae1  1-0

[Event "12th ch-Euro Seniors"]
[Site "Kaunas LTU"]
[Date "2012.08.26"]
[Round "9.12"]
[White "Ivanets,V RUS"]
[Black "Wahlbom,M"]
[Result "1/2-1/2"]
[WhiteElo "2201"]
[BlackElo "2289"]

1.d4 Nf6 2.Nf3 e6 3.c4 c5 4.d5 exd5 5.cxd5 d6 6.Nc3 g6 7.Bg5 h6 8.Bf4 a6
9.a4 g5 10.Bg3 Nh5 11.e3 Nxg3 12.hxg3 Bg7 13.Bd3 Nd7 14.O-O O-O 15.Qe2 Qe7
16.a5 Rb8 17.Bb1  1/2-1/2

[Event "World Youth U16 Olympiad 2012"]
[Site "Istanbul TUR"]
[Date "2012.08.29"]
[Round "1.22"]
[White "Petrosyan,M"]
[Black "Narenthran,Savithri"]
[Result "1-0"]
[WhiteElo "2286"]
[BlackElo "1749"]

1.d4 Nf6 2.Nf3 c5 3.d5 e6 4.c4 exd5 5.cxd5 d6 6.Nc3 g6 7.e4 Bg7 8.Bc4 O-O
9.O-O Re8 10.Qd3 Na6 11.Bxa6 bxa6 12.Nd2 a5 13.Qb5 Qb6 14.Nc4 Qxb5 15.Nxb5 Ba6
16.Ncxd6 Bxb5 17.Nxb5 Rxe4 18.Nc3 Rb4 19.a3 Rb3 20.Be3 c4 21.Rac1 Rxb2 22.Rfd1 Ng4
23.Na4 Nxe3 24.fxe3 Rb5 25.Rxc4 Rd8 26.d6 Kf8 27.Rc6 Bh6 28.Rd3 Re5 29.Kf2 Rb5
30.Nc5 Ke8 31.Rc7 Bg7 32.Nb7 Rxb7 33.Rxb7 Be5 34.Re7+ Kf8 35.Rxe5  1-0

[Event "World Youth U16 Olympiad 2012"]
[Site "Istanbul TUR"]
[Date "2012.08.30"]
[Round "3.8"]
[White "Dimic,P"]
[Black "Vavulin,M"]
[Result "0-1"]
[WhiteElo "2155"]
[BlackElo "2292"]

1.d4 Nf6 2.Nf3 e6 3.c4 c5 4.d5 exd5 5.cxd5 d6 6.Nc3 g6 7.Bf4 Bg7 8.Qa4+ Bd7
9.Qb3 Qc7 10.a4 O-O 11.h3 Na6 12.e3 Nb4 13.Be2 a6 14.O-O Bf5 15.Nd2 Bc2 16.Qc4 Nd7
17.Nce4 Nb6 18.Bxd6 Nxc4 19.Bxc7 Nxd2 20.Nxd2 Bxb2 21.d6 Bxa1 22.Rxa1 Rac8
23.Bf3 Rxc7 24.dxc7 Rc8 25.Bxb7 Rxc7 26.Be4 Rd7 27.Bxc2 Nxc2 28.Ne4 Re7 29.Rc1 Rxe4
30.Rxc2 Re5 31.Kf1 Kf8 32.Ke2 Ke7 33.Kd3 Kd6 34.Rb2 Kc7 35.f4 Re8 36.a5 Re6
37.Rb3 f5 38.Kc4 Re4+ 39.Kxc5 Ra4 40.Rc3 Rxa5+ 41.Kb4+ Kb6 42.Rd3 Rb5+ 43.Kc4 Rc5+
44.Kb3 Kc7 45.Kb4 Rb5+ 46.Kc4 h5 47.Ra3 Kb6 48.Rd3 Rc5+ 49.Kb3 Kc7 50.Rd4 h4
51.e4 fxe4 52.Rxe4 Kd7 53.f5 g5 54.f6 Rf5 55.Re7+ Kd6 56.Rg7 a5 57.Kc3 Ke6
58.f7 Ke7 59.Kd4 Kf8 60.Rg8+ Kxf7 61.Ra8 Rf2 62.Rxa5 Rxg2 63.Ke4 Kg6 64.Ra6+ Kh5
65.Ra8 Rg3 66.Rh8+ Kg6 67.Rg8+ Kf7 68.Ra8 Kg6 69.Rg8+ Kh7 70.Ra8 Rxh3 71.Kf5 Rg3
72.Ra7+ Kh6 73.Ra8 h3 74.Rh8+ Kg7 75.Rh5 g4 76.Kf4 Rg2 77.Rh4 h2 78.Rh5 g3
79.Kg4 Rg1  0-1

[Event "37th Trade Fair Open A"]
[Site "Brno CZE"]
[Date "2012.08.31"]
[Round "7"]
[White "Hofirek,Benedikt"]
[Black "Macharacek,S"]
[Result "1/2-1/2"]
[WhiteElo "2051"]
[BlackElo "2185"]

1.d4 Nf6 2.c4 e6 3.Nc3 c5 4.d5 exd5 5.cxd5 d6 6.Nf3 g6 7.e4 Bg7 8.Be2 O-O
9.O-O Bg4 10.Nd2 Bxe2 11.Qxe2 Nbd7 12.f4 Re8 13.Qf3 a6 14.a4 Rb8 15.a5 Qe7
16.Ra4 b5 17.axb6 Rxb6 18.Qd3 Ng4 19.Nf3 c4 20.Rxc4 Nc5 21.Qc2 f5 22.h3 fxe4
23.hxg4 exf3 24.gxf3 Qb7 25.Rd1 Rb4 26.Ne4 Rxc4 27.Qxc4 Nxe4 28.fxe4 Qe7
29.Kg2 Qxe4+ 30.Qxe4 Rxe4 31.Kf3 Rb4 32.Rd3 Bxb2 33.Bxb2 Rxb2 34.Rc3 Rb5
35.Rc6 Rxd5 36.Rxa6 h5 37.gxh5 gxh5 38.Ra7 Rd1 39.Ra5 d5 40.Ke2 Rd4 41.Ke3 Re4+
42.Kf3 Rd4  1/2-1/2

[Event "11th Istanbul Open A"]
[Site "Istanbul TUR"]
[Date "2012.08.31"]
[Round "2"]
[White "Basargan,U"]
[Black "Ozgur,Emre"]
[Result "1-0"]
[WhiteElo "2016"]
[BlackElo "1753"]

1.d4 e6 2.c4 Nf6 3.Nc3 c5 4.d5 exd5 5.cxd5 d6 6.Nf3 g6 7.Qa4+ Bd7 8.Qb3 Na6
9.e4 Rb8 10.Bf4 Nh5 11.Bg5 f6 12.Be3 Nc7 13.a4 Bg7 14.h3 f5 15.exf5 gxf5
16.Be2 f4 17.Bd2 O-O 18.O-O b6 19.Rfe1 a6 20.Ne4 Bf5 21.Nfg5 Nf6 22.Bf3 b5
23.Ba5 c4 24.Qa3 b4 25.Bxb4 Nfxd5 26.Bxd6 Bxb2 27.Qc5 Rc8 28.Rad1 Bxe4 29.Nxe4 Rf5
30.Qxc4 Kh8 31.Bg4 Nb5 32.Qa2 Bd4 33.axb5 Nc3 34.Nxc3 Bxc3 35.Bxf5  1-0

[Event "11th Istanbul Open A"]
[Site "Istanbul TUR"]
[Date "2012.09.01"]
[Round "3"]
[White "Kuseyri,M"]
[Black "Kacar,H"]
[Result "1-0"]
[WhiteElo "2037"]
[BlackElo "1702"]

1.d4 Nf6 2.c4 e6 3.Nf3 c5 4.d5 exd5 5.cxd5 d6 6.Nc3 a6 7.a4 g6 8.e4 Bg4 9.Be2 Bxf3
10.Bxf3 Bg7 11.O-O O-O 12.Bf4 Qe7 13.h3 Nbd7 14.Qc2 Ne5 15.Be2 Rfe8 16.Rae1 Ned7
17.Bh2 Rab8 18.Bd3 Rbc8 19.Qe2 Nb6 20.a5 c4 21.Bc2 Na8 22.Ba4 Nd7 23.f4 b5
24.axb6 Naxb6 25.Bc6 f5 26.e5 dxe5 27.fxe5 Bxe5 28.Bxe5 Qc5+ 29.Kh1 Rxe5
30.Qd2 Rd8 31.Qg5 Qf8 32.Rxe5 Nxe5 33.Re1 Nd3 34.Re7 Nb4 35.Qe3 N6xd5 36.Bxd5+  1-0

[Event "11th Kesarovski-Stanchev Mem"]
[Site "Sunny Beach BUL"]
[Date "2012.09.02"]
[Round "2.38"]
[White "Stefanov,Emil"]
[Black "Orev,P"]
[Result "1-0"]
[WhiteElo "1846"]
[BlackElo "2206"]

1.d4 Nf6 2.c4 c5 3.d5 e6 4.Nc3 exd5 5.cxd5 d6 6.Nf3 g6 7.Nd2 Nbd7 8.e4 Bg7
9.Be2 O-O 10.O-O Re8 11.Re1 b6 12.a4 a6 13.Bf1 Ra7 14.h3 Bh6 15.Nc4 Bxc1
16.Rxc1 Ne5 17.Nxe5 Rxe5 18.f4 Re8 19.e5 Rae7 20.Bc4 Bb7 21.g4 h6 22.Qd3 Nh7
23.e6 Nf6 24.f5 Kg7 25.Bxa6 Bxa6 26.Qxa6 gxf5 27.gxf5 fxe6 28.fxe6 Kh8 29.Kh1 Rg7
30.Qe2 Rg5 31.Qf3 Qe7 32.Rg1 Reg8 33.Rxg5 Rxg5 34.Rf1 Qg7 35.Kh2 h5 36.e7 Ne8
37.Qf8+ Kh7 38.Qxe8  1-0

[Event "11th Istanbul Open A"]
[Site "Istanbul TUR"]
[Date "2012.09.06"]
[Round "7"]
[White "Ozcan,Bora"]
[Black "Erim,E"]
[Result "0-1"]
[WhiteElo "1681"]
[BlackElo "1816"]

1.d4 Nf6 2.c4 c5 3.d5 e6 4.Nc3 exd5 5.cxd5 d6 6.Nf3 g6 7.g3 Bg7 8.Bg2 O-O
9.O-O Re8 10.Nd2 Na6 11.h3 Nc7 12.a4 b6 13.Nc4 Ba6 14.Na3 Qd7 15.Re1 h6 16.e4 Nh7
17.f4 Rad8 18.Kh2 f5 19.Bd2 Bd3 20.exf5 gxf5 21.Qb3 Bd4 22.Bf1 Bxc3 23.Bxc3 Bxf1
24.Rxf1 Re2+ 25.Kh1 Qe8 26.Qc4 Qh5 27.Kg1 Rde8 28.Rf2 R8e4 29.g4 Qxh3 30.Rxe2 Rxc4
31.Nxc4 Qd3 32.Re7 Qg3+ 33.Kf1 Qxf4+ 34.Ke1 Nxd5 35.Rg7+ Kf8 36.Rxh7 Nxc3
37.bxc3 Qxc4 38.Kd2 Qf4+ 39.Ke2 Qxg4+ 40.Kd2 Qf4+ 41.Kc2 c4 42.Re1 Qf2+ 43.Kd1 Qf3+
44.Kc2 Qd3+ 45.Kc1 Qxc3+ 46.Kd1 Qd3+ 47.Kc1 c3 48.Rd1 Qe3+ 49.Kc2 Qe2+  0-1

[Event "11th Istanbul Open A"]
[Site "Istanbul TUR"]
[Date "2012.09.06"]
[Round "7"]
[White "Azaladze,S"]
[Black "Reyhan,D"]
[Result "0-1"]
[WhiteElo "2466"]
[BlackElo "2396"]

1.d4 e6 2.Nf3 Nf6 3.c4 c5 4.d5 d6 5.Nc3 exd5 6.cxd5 g6 7.h3 Bg7 8.e4 O-O
9.Bd3 b5 10.O-O a6 11.Bf4 c4 12.Bc2 Bb7 13.Qd2 Qb6 14.Rfe1 Nbd7 15.Be3 Qa5
16.Nd4 b4 17.Nce2 Nb6 18.b3 Rfe8 19.f3 Qa3 20.Bf4 Rad8 21.Rab1 Nh5 22.Bg5 c3
23.Qd3 Rc8 24.Ra1 Nd7 25.Reb1 Qa5 26.a3 bxa3 27.b4 Qb6 28.Rxa3 Ne5 29.Qd1 Nc4
30.Rxc3 Ng3 31.Kh2 Nxe2 32.Nxe2 Bxc3 33.Nxc3 Ne3 34.Na4 Qc7 35.Bxe3 Qxc2
36.Qd4 Qxb1 37.Qf6 Rc1 38.Bd4 Rh1+ 39.Kg3 Qe1+ 40.Kg4 Bc8+ 41.Kg5 Qg3+ 42.Kh6 Rxh3+
43.gxh3 Qxh3+ 44.Kg5 Qg3+ 45.Kh6 Qh2+  0-1

[Event "TCh-NED Meesterklasse 2012-13"]
[Site "Den Bosch NED"]
[Date "2012.09.15"]
[Round "1.2"]
[White "L'Ami,E"]
[Black "Werle,J"]
[Result "1-0"]
[WhiteElo "2627"]
[BlackElo "2533"]

1.d4 Nf6 2.c4 e6 3.Nf3 c5 4.d5 exd5 5.cxd5 d6 6.Nc3 g6 7.Bf4 Bg7 8.Qa4+ Bd7
9.Qb3 b5 10.Bxd6 Qb6 11.Be5 O-O 12.e3 b4 13.Nb1 Bb5 14.Bxb5 Qxb5 15.Na3 Qd7
16.Bxf6 Bxf6 17.Nc4 Qxd5 18.O-O Qb7 19.a4 Nd7 20.Nfd2 Rad8 21.Rad1 Qc6 22.Qc2 Rfe8
23.b3 Bc3 24.Nb1 Bg7 25.Rd6 Qc7 26.Rdd1 Nf6 27.Rxd8 Rxd8 28.Rd1 Nd5 29.Rd3 Nc3
30.Nbd2 Rd7 31.Nf3 Qd8 32.Rxd7 Qxd7 33.Ne1 Qg4 34.Kf1 h6 35.Qd3 Kh7 36.Nf3 Qe6
37.h3 Qc8 38.Nfd2 Qe6 39.Nf3 Nd5 40.g4 Bc3 41.a5 Kg7 42.Ng1 Bf6 43.Ne2 Nc3
44.f3 Qc6 45.Kg2 Kf8 46.Ng3 Ke7 47.Ne4 Bg7 48.Kf2 Qc7 49.f4 Qc6 50.Qd6+ Qxd6
51.Nexd6 Bf8 52.Kf3 a6 53.Ne4 Ke6 54.Ned2 Be7 55.e4 Bd8 56.f5+ gxf5 57.gxf5+ Kf6
58.Kg4 Bc7 59.h4 Bb8 60.Kh5 Bf4 61.Kg4 Bxd2 62.e5+ Ke7 63.Nxd2 Ne2 64.Kf3 Nd4+
65.Ke4 Kd7 66.h5 Kc6 67.f6 Ne6 68.Nc4 Nd4 69.Nd6 Kd7 70.Kd5 Nxb3 71.Nb7 Ke8
72.Nd6+ Kf8 73.Nc4 Ke8 74.Kc6 Nd4+ 75.Kxc5 Nc2  1-0

[Event "TCh-SRB Prem 2012"]
[Site "Valjevo SRB"]
[Date "2012.09.18"]
[Round "2.4"]
[White "Jovic,Ste"]
[Black "Spiric,I"]
[Result "0-1"]
[WhiteElo "2302"]
[BlackElo "2268"]

1.d4 e6 2.Nf3 Nf6 3.c4 c5 4.d5 exd5 5.cxd5 d6 6.Nc3 g6 7.g3 Bg7 8.Bg2 a6
9.a4 O-O 10.O-O Nbd7 11.Bg5 h6 12.Bf4 Qe7 13.Re1 g5 14.Bc1 Ng4 15.h3 Nge5
16.Kh2 f5 17.Nxe5 Nxe5 18.f4 gxf4 19.gxf4 Qh4 20.Kg1 Ng6 21.Rf1 Bd7 22.Qe1 b5
23.Kh2 Qxe1 24.Rxe1 b4 25.Nd1 c4 26.Bd2 a5 27.Bf3 Rac8 28.Rg1 Kh7 29.Bh5 Ne7
30.Bf3 Bf6 31.Be3 c3 32.bxc3 bxc3 33.Nf2 Rc4 34.Nd3 Rb8 35.Rgb1 Rxb1 36.Rxb1 c2
37.Rb6 Bd4 38.Rb7 Bxe3 39.Rxd7 Bxf4+ 40.Nxf4 c1=Q 41.Rxe7+ Kg8 42.Ne6 Rc8
43.Bh5 Qe3 44.Rg7+ Kh8 45.Rg6  0-1

[Event "DYTM KL Open 2012"]
[Site "Kuala Lumpur MAS"]
[Date "2012.09.20"]
[Round "5.18"]
[White "Nguyen Duc Hoa"]
[Black "Noguchi,K"]
[Result "1-0"]
[WhiteElo "2505"]
[BlackElo "2068"]

1.d4 Nf6 2.c4 c5 3.d5 e6 4.Nc3 exd5 5.cxd5 d6 6.Nf3 g6 7.Bg5 Bg7 8.e3 a6
9.a4 h6 10.Bh4 g5 11.Bg3 Nh5 12.Nd2 Nxg3 13.hxg3 Nd7 14.Ra3 Ne5 15.Rb3 Qe7
16.Nc4 O-O 17.Rb6 Nxc4 18.Bxc4 f5 19.Kd2 f4 20.gxf4 gxf4 21.e4 Qg5 22.Kc2 Qxg2
23.Rxd6 Qxf2+ 24.Kb1 Qd4 25.Qh5 Qxc4 26.Rxh6 Bxh6 27.Qxh6 Kf7 28.Qg5 Ke8
29.Rh7 Qd3+ 30.Ka2 Rf7 31.Qg8+  1-0

[Event "TCh-SRB Prem 2012"]
[Site "Valjevo SRB"]
[Date "2012.09.21"]
[Round "5.3"]
[White "Tancik,K"]
[Black "Spiric,I"]
[Result "1-0"]
[WhiteElo "2300"]
[BlackElo "2268"]

1.d4 Nf6 2.c4 c5 3.d5 e6 4.Nc3 exd5 5.cxd5 d6 6.Nf3 g6 7.g3 Bg7 8.Bg2 a6
9.a4 O-O 10.O-O Nbd7 11.h3 Re8 12.Nd2 Rb8 13.Nc4 Nb6 14.Na3 Bd7 15.e4 Nxa4
16.Nxa4 b5 17.Nxc5 dxc5 18.Re1 h6 19.e5 Nh7 20.f4 g5 21.Be3 Rc8 22.Rc1 Kh8
23.Qf3 gxf4 24.gxf4 Bf5 25.Rxc5 Qa5 26.Rec1 Rxc5 27.Rxc5 Qe1+ 28.Kh2 Ng5
29.fxg5 Bxe5+ 30.Bf4 Bxb2 31.Bg3 Qb4 32.Rc6 Bg6 33.Nc2 Qd2 34.Bf4 Qe2 35.Ne3 Qe1
36.Qg3 Qe2 37.Qf3 Qe1 38.Qg3 Qe2 39.d6 Be4 40.Rc7 Bxg2 41.Nxg2 Qe6 42.Qg4 hxg5
43.Qh5+ Kg7 44.Qxg5+ Qg6 45.d7  1-0

[Event "Baku Open 2012"]
[Site "Baku AZE"]
[Date "2012.09.22"]
[Round "1.15"]
[White "Hejazipour,M"]
[Black "Pantsulaia,L"]
[Result "1-0"]
[WhiteElo "2237"]
[BlackElo "2575"]

1.d4 Nf6 2.Nf3 e6 3.c4 c5 4.d5 exd5 5.cxd5 d6 6.Nc3 g6 7.g3 Bg7 8.Bg2 a6
9.a4 O-O 10.O-O Nbd7 11.Bf4 Qe7 12.h3 Rb8 13.Qd3 h6 14.e4 g5 15.Bd2 b5 16.axb5 axb5
17.Rfe1 b4 18.Nb5 g4 19.hxg4 Nxg4 20.Bf4 Nde5 21.Qe2 Nxf3+ 22.Bxf3 Ne5 23.Na7 Bd7
24.Ra6 Ra8 25.Rea1 Rfe8 26.Nc6 Bxc6 27.dxc6 Nxf3+ 28.Qxf3 Rac8 29.Re1 Bxb2
30.Bxh6 Qf6 31.Bf4 Be5 32.Qg4+ Qg7 33.Qf5 b3 34.Rb6 c4 35.Rc1 Bd4 36.Rb5 Rxc6
37.Qd7 Rec8 38.Rg5 b2 39.Rxg7+ Bxg7 40.Rb1 c3 41.Qg4 R8c7 42.Bh6 f5 43.exf5 Kf8
44.Qg6 Bxh6 45.Qxh6+ Ke8 46.Qh8+ Kd7 47.Re1 d5 48.Qe8+ Kd6 49.Qf8+ Kd7 50.Re7+ Kd6
51.Re6+  1-0

[Event "Vladivostok Russian Cup 2012"]
[Site "Vladivostok RUS"]
[Date "2012.09.22"]
[Round "6.17"]
[White "Kravtsov,S"]
[Black "Chuhachev,V"]
[Result "1/2-1/2"]
[WhiteElo "2328"]
[BlackElo "2182"]

1.Nf3 c5 2.c4 Nf6 3.d4 e6 4.d5 exd5 5.cxd5 d6 6.Nc3 g6 7.e4 Bg7 8.Be2 O-O
9.Nd2 Na6 10.O-O Nc7 11.a4 Rb8 12.Nc4 Re8 13.f3 b6 14.Bf4 Bf8 15.Na3 a6 16.Nc4 b5
17.axb5 Nxb5 18.Nxb5 axb5 19.Na3 Bd7 20.Qd2 Nh5 21.Bg5 f6 22.Bh4 g5 23.Bf2 Nf4
24.Bd3 f5 25.exf5 Bg7 26.Rab1 Re5 27.Be4 Bxf5 28.Rbe1 Qf6 29.b4 Bxe4 30.fxe4 cxb4
31.Nc2 Qg6 32.Nxb4 Rxe4 33.Nc6 Rbe8 34.Be3 Qf6 35.g3 Qc3 36.gxf4 Rxe3 37.Qxc3 Bxc3
38.Rxe3 Rxe3 39.fxg5 b4 40.Rb1 Rd3 41.Nxb4 Bxb4 42.Rxb4  1/2-1/2

[Event "Tatry Open 2012"]
[Site "Tatranske Zruby SVK"]
[Date "2012.09.23"]
[Round "1.22"]
[White "Belunek,V"]
[Black "Lukac,R"]
[Result "1-0"]
[WhiteElo "2266"]
[BlackElo "2127"]

1.d4 Nf6 2.c4 c5 3.d5 e6 4.Nc3 exd5 5.cxd5 d6 6.Nf3 g6 7.Bf4 a6 8.a4 Bg7
9.h3 O-O 10.e3 Qe7 11.Bd3 Nbd7 12.O-O Ne5 13.Nxe5 dxe5 14.Bg5 Qc7 15.Rc1 b6
16.b4 Bb7 17.bxc5 bxc5 18.e4 Rfc8 19.Be3 Ne8 20.Nb1 Qe7 21.Nd2 Rc7 22.Qb3 Rac8
23.Nc4 Bf8 24.f4 Nd6 25.fxe5 Nxc4 26.Rxc4 Qxe5 27.Bf4 Qh5 28.Bxc7 Rxc7 29.Qb6 Qe5
30.Qf6 Bd6 31.Qxe5 Bxe5 32.Rb1 a5 33.Rc2 f5 34.exf5 gxf5 35.Bc4 Kg7 36.Rb6 Rd7
37.Re2 Bf6 38.Ree6 Bd4+ 39.Kf1 Bxd5 40.Bxd5 Rxd5 41.Re7+ Kf8 42.Rxh7  1-0

[Event "21st TCh-CRO 1b 2012"]
[Site "Sibenik CRO"]
[Date "2012.09.24"]
[Round "2.1"]
[White "Turov,M"]
[Black "Bogut,Z"]
[Result "1-0"]
[WhiteElo "2636"]
[BlackElo "2441"]

1.d4 Nf6 2.c4 c5 3.d5 e6 4.Nc3 exd5 5.cxd5 d6 6.Nf3 g6 7.Bf4 a6 8.a4 Bg7
9.h3 O-O 10.e3 Qe7 11.Be2 Nbd7 12.O-O Ne8 13.Nd2 Ne5 14.a5 Nc7 15.Bg3 f5
16.Qc2 Rb8 17.Rfe1 b5 18.axb6 Rxb6 19.f4 Nf7 20.Bf2 Nb5 21.Nc4 Rb8 22.Na5 Qf6
23.Nc6 Rb6 24.Nxb5 axb5 25.b4 c4 26.e4 Ra6 27.Rxa6 Bxa6 28.exf5 gxf5 29.Qxf5 Bb7
30.Qxf6 Bxf6 31.Bf3 c3 32.Bd4 Bxd4+ 33.Nxd4 Nh6 34.g3 Nf5 35.Nxf5 Rxf5 36.Bg4 Bc8
37.Bxf5 Bxf5 38.g4 Bd3 39.Rc1 c2 40.Kf2 h5 41.Ke3  1-0